<?xml version="1.0" encoding="UTF-8"?>
<marc:record xmlns:marc="http://www.loc.gov/MARC21/slim">
   <marc:leader>00000nam a2200000 a 4500</marc:leader>
   <marc:datafield ind1="1" ind2=" " tag="100">
      <marc:subfield code="a">Strout, Elizabeth</marc:subfield>
      <marc:subfield code="4">aut</marc:subfield>
      <marc:subfield code="e">Verfasser/-in</marc:subfield>
   </marc:datafield>
   <marc:datafield ind1="0" ind2="0" tag="245">
      <marc:subfield code="a">Erzähl mir alles</marc:subfield>
   </marc:datafield>
   <marc:datafield ind1="0" ind2="0" tag="245">
      <marc:subfield code="b">Roman</marc:subfield>
   </marc:datafield>
   <marc:datafield ind1="0" ind2="0" tag="245">
      <marc:subfield code="c">Elizabeth Strout ; Deutsch von Sabine Roth</marc:subfield>
   </marc:datafield>
   <marc:datafield ind1=" " ind2="1" tag="264">
      <marc:subfield code="a">Frankfurt am Main</marc:subfield>
      <marc:subfield code="b">Luchterhand</marc:subfield>
      <marc:subfield code="c">2026</marc:subfield>
   </marc:datafield>
   <marc:datafield ind1="1" ind2=" " tag="520">
      <marc:subfield code="a">Quelle: bn.bibliotheksnachrichten (http://www.biblio.at/literatur/bn/index.html); #Autor: Angela Zemanek-Hackl; #Elizabeth Strout führt uns wieder in die vertraute Welt in Maine und erzählt von Freundschaft, Liebe, Einsamkeit und dem Leben der Menschen. (DR)#Die Welt rund um das fiktive Städtchen Crosby ist manchen Leser*innen so vertraut, dass die erneute Begegnung mit den Menschen dort einem Heimkommen gleicht  ein wohliges Gefühl, als würde man alte Bekannte wieder treffen.#Bob Burgess, ein äußerst menschenfreundlicher Anwalt, lebt mit Margaret, einer Pastorin, im Ort. Zu seinen wichtigsten Bezugspunkten zählen die Autorin Lucy, mit der er wöchentlich spazieren geht und intensive Gespräche führt, sowie sein Bruder in New York. Auch die Menschen in Crosby liegen ihm am Herzen  er scheint sie alle zu mögen.#Als eine Frau verschwindet, die im Ort von vielen verachtet wurde, gerät ihr Sohn Matt rasch unter Verdacht. Bob nimmt sich seiner an, stellt Nachforschungen an und erkennt bald, dass Matt mit der Tat nichts zu tun hat. Wie sich dieser Fall entwickelt, was Bobs Bruder durchlebt, als seine Frau stirbt und sein Sohn wenig später ebenfalls in eine Krise gerät, und vieles mehr entfaltet sich in einer leisen, eindringlichen Erzählweise.#Die Gespräche und Gedanken der Figuren machen das Leben greifbar, lassen Liebe, Verliebtheit, Zorn und Freundschaft aufscheinen und wieder vergehen.#Das kleine Universum von Crosby lässt uns heimkommen, lachen und leiden. Es erzählt von unterschiedlichsten Lebenssituationen und Fragen: Was ist der Sinn? Warum verliebt man sich? Was bringt Paare dazu, zusammenzubleiben  oder sich zu trennen? »Es ist das Leben«, sagt eine Figur im Roman. Und genau darum geht es.</marc:subfield>
   </marc:datafield>
   <marc:datafield ind1=" " ind2=" " tag="020">
      <marc:subfield code="a">9783630877495</marc:subfield>
      <marc:subfield code="9">9783630877495</marc:subfield>
   </marc:datafield>
   <marc:datafield ind1=" " ind2=" " tag="041">
      <marc:subfield code="a">ger</marc:subfield>
   </marc:datafield>
   <marc:datafield ind1=" " ind2=" " tag="300">
      <marc:subfield code="a">392 Seiten</marc:subfield>
   </marc:datafield>
</marc:record>
